[Event "Varennes U1500"]
[Site "Varennes CAN"]
[Date "2011.11.06"]
[Round "4"]
[White "Gervais, Marcel"]
[Black "Plante, Santiago"]
[Result "0-1"]
[WhiteElo "1333"]
[BlackElo "1137"]
[PlyCount "44"]
[GameId "2160767909573756"]
[EventDate "2011.11.04"]
[EventType "swiss"]
[EventRounds "5"]
[EventCountry "CAN"]
[SourceTitle "EXT 2022"]
[Source "ChessBase"]
[SourceDate "2021.10.06"]
[SourceVersion "1"]
[SourceVersionDate "2021.10.06"]
[SourceQuality "1"]

1. e4 e6 2. d4 d5 3. Nd2 c5 4. exd5 Qxd5 5. Ngf3 cxd4 6. Bc4 Qc6 7. O-O b5 8. Nxd4 Qb6 9. Bxb5+ Nd7 10. N2b3 Ngf6 11. Be3 Qc7 12. Nf3 Bb7 13. Qe2 Bd6 14. Rfd1 Rd8 15. g3 a6 16. Bxa6 Ba8 17. Bb5 Be7 18. Bf4 Qb7 19. Bxd7+ Nxd7 20. Rd3 g5 21. Bd2 g4 22. Nh4 Qh1# 0-1

[Event "Varennes U1500"]
[Site "Varennes CAN"]
[Date "2011.11.06"]
[Round "4"]
[White "Isabel, Patrick"]
[Black "Gervais, Yves"]
[Result "0-1"]
[WhiteElo "989"]
[BlackElo "1024"]
[PlyCount "27"]
[GameId "2160767739054423"]
[EventDate "2011.11.04"]
[EventType "swiss"]
[EventRounds "5"]
[EventCountry "CAN"]
[SourceTitle "EXT 2022"]
[Source "ChessBase"]
[SourceDate "2021.10.06"]
[SourceVersion "1"]
[SourceVersionDate "2021.10.06"]
[SourceQuality "1"]

1. d4 Nf6 2. Nc3 e6 3. e4 Be7 4. e5 Nd5 5. Nxd5 exd5 6. c4 d6 7. cxd5 dxe5 8. dxe5 O-O 9. Bd3 Qxd5 10. Bxh7+ Kxh7 11. Qxd5 Rd8 12. Qe4+ Kg8 13. h4 Nc6 14. Bg5 {etc.} 0-1

[Event "Varennes U1500"]
[Site "Varennes CAN"]
[Date "2011.11.06"]
[Round "4"]
[White "Jomphe, Denis"]
[Black "Gervais, Marcel"]
[Result "1-0"]
[WhiteElo "1257"]
[BlackElo "1333"]
[PlyCount "63"]
[GameId "2160767909573757"]
[EventDate "2011.11.04"]
[EventType "swiss"]
[EventRounds "5"]
[EventCountry "CAN"]
[SourceTitle "EXT 2022"]
[Source "ChessBase"]
[SourceDate "2021.10.06"]
[SourceVersion "1"]
[SourceVersionDate "2021.10.06"]
[SourceQuality "1"]

1. e4 e5 2. Nf3 Nc6 3. d4 exd4 4. Nxd4 Bc5 5. c3 Nf6 6. Bd3 Nxd4 7. cxd4 Bxd4 8. O-O O-O 9. Nc3 d6 10. Bg5 h6 11. Bd2 Be5 12. f4 Bd4+ 13. Kh1 Ng4 14. Be1 Ne3 15. Qf3 Nxf1 16. Bxf1 Bf6 17. Rd1 Be7 18. Nd5 c6 19. Nxe7+ Qxe7 20. Bc3 Qh4 21. Rd3 Bg4 22. Qe3 Qe7 23. Qg3 Qxe4 24. Qxg4 Qg6 25. Qd1 d5 26. Bxg7 Rfe8 27. Be5 Kh7 28. Rg3 Qxg3 29. hxg3 f6 30. Bd3+ Kg7 31. Qg4+ Kf8 32. Bxf6 1-0

[Event "Varennes U1500"]
[Site "Varennes CAN"]
[Date "2011.11.06"]
[Round "4"]
[White "Labine, Daniel"]
[Black "Taylor, Paul"]
[Result "1-0"]
[WhiteElo "1293"]
[BlackElo "1412"]
[PlyCount "65"]
[GameId "2160767909573758"]
[EventDate "2011.11.04"]
[EventType "swiss"]
[EventRounds "5"]
[EventCountry "CAN"]
[SourceTitle "EXT 2022"]
[Source "ChessBase"]
[SourceDate "2021.10.06"]
[SourceVersion "1"]
[SourceVersionDate "2021.10.06"]
[SourceQuality "1"]

1. e4 Nc6 2. d4 d5 3. e5 Bf5 4. Bb5 e6 5. Nf3 a6 6. Bxc6+ bxc6 7. O-O Ne7 8. Bg5 Qb8 9. b3 h6 10. Bc1 Ng6 11. c4 c5 12. cxd5 c4 13. bxc4 exd5 14. Ba3 dxc4 15. Qa4+ Qb5 16. Qd1 Qa5 17. Bxf8 Nxf8 18. Qc1 Bd7 19. Nc3 Ne6 20. Rb1 O-O 21. Re1 Rab8 22. Qd2 Bc6 23. d5 Rbd8 24. Red1 Nc5 25. d6 cxd6 26. exd6 Nd3 27. Ne1 Rxd6 28. Ne2 Rfd8 29. Qxa5 Rg6 30. Qxd8+ Kh7 31. Ng3 Bb5 32. Nxd3 cxd3 33. Rxd3 1-0

[Event "Varennes U1500"]
[Site "Varennes CAN"]
[Date "2011.11.06"]
[Round "4"]
[White "Montreuil, Carl"]
[Black "Breton, Jules"]
[Result "1-0"]
[WhiteElo "1306"]
[BlackElo "1422"]
[PlyCount "143"]
[GameId "2160767909573759"]
[EventDate "2011.11.04"]
[EventType "swiss"]
[EventRounds "5"]
[EventCountry "CAN"]
[SourceTitle "EXT 2022"]
[Source "ChessBase"]
[SourceDate "2021.10.06"]
[SourceVersion "1"]
[SourceVersionDate "2021.10.06"]
[SourceQuality "1"]

1. d4 d5 2. c4 e6 3. Nc3 c6 4. Bd2 Nd7 5. e4 Bb4 6. e5 Ne7 7. Nf3 a6 8. a3 Bxc3 9. bxc3 c5 10. Bd3 dxc4 11. Be4 f5 12. exf6 Nxf6 13. Bc2 cxd4 14. cxd4 h6 15. O-O O-O 16. Bb4 Nfd5 17. Ne5 Nxb4 18. axb4 b5 19. Qg4 Nf5 20. Bxf5 exf5 21. Qf4 Bb7 22. Nf3 Qe7 23. Nh4 Qe4 24. Qc7 Rf7 25. Qg3 Qxd4 26. Nxf5 Rxf5 27. Rad1 Qf6 28. Qc7 Be4 29. Rd6 Qg5 30. g3 Qg4 31. Rd7 Rg5 32. f4 Rg6 33. Re7 Re6 34. Qd7 Bf5 35. Qd5 Kh7 36. Rxe6 Bxe6 37. Qxa8 h5 38. Qf3 Qf5 39. Re1 Bd5 40. Qe2 Qh3 41. Rd1 Bf7 42. Qg2 Qf5 43. h3 c3 44. Rc1 Qd3 45. Qc2 Bc4 46. Qxd3+ Bxd3 47. Rxc3 Bc4 48. Re3 Kg6 49. Re5 Kf6 50. Kf2 Bb3 51. Ke3 Kg6 52. h4 Bc4 53. Kd4 Bb3 54. Kc5 Bc4 55. Kb6 Kf6 56. Kxa6 g6 57. Kb6 Be2 58. Kc6 Bd3 59. Kd6 Bc4 60. Kd7 Bd3 61. Kd6 Bc4 62. Kc5 Bd3 63. Kd4 Bf1 64. Ke4 Bc4 65. f5 g5 66. Re6+ Kf7 67. Rh6 gxh4 68. gxh4 Be2 69. Rb6 Ke7 70. Ke3 Bc4 71. Kf4 Be2 72. Re6+ 1-0

[Event "Varennes U1500"]
[Site "Varennes CAN"]
[Date "2011.11.06"]
[Round "4"]
[White "Tremblay, Alain2"]
[Black "Pincince, Jacques"]
[Result "1-0"]
[WhiteElo "1290"]
[BlackElo "1410"]
[PlyCount "105"]
[GameId "2160767909573760"]
[EventDate "2011.11.04"]
[EventType "swiss"]
[EventRounds "5"]
[EventCountry "CAN"]
[SourceTitle "EXT 2022"]
[Source "ChessBase"]
[SourceDate "2021.10.06"]
[SourceVersion "1"]
[SourceVersionDate "2021.10.06"]
[SourceQuality "1"]

1. e4 c5 2. Nf3 d6 3. Nc3 Nf6 4. d4 cxd4 5. Nxd4 a6 6. h3 b5 7. a3 Bb7 8. Bd3 Nbd7 9. O-O g6 10. Be3 Bg7 11. f4 e5 12. Nf3 O-O 13. f5 Nc5 14. Bg5 Qb6 15. Be3 Qc7 16. Nd2 Rad8 17. Bg5 Ncd7 18. Kh1 Rc8 19. Rc1 Nh5 20. Ne2 f6 21. Be3 Bh8 22. c4 Nc5 23. cxb5 Qd7 24. Bxc5 Rxc5 25. Rxc5 dxc5 26. Bc4+ Rf7 27. Bxf7+ Qxf7 28. Qc2 gxf5 29. Rxf5 Ng7 30. Rf3 Ne6 31. Rg3+ Bg7 32. Nc4 axb5 33. Nd6 Qd7 34. Nxb7 Qxb7 35. h4 Kh8 36. Rh3 c4 37. Rf3 Nc5 38. Nc3 Nd3 39. Rxd3 cxd3 40. Qxd3 Qf7 41. Nxb5 Bf8 42. Nc3 Bh6 43. Nd5 Qd7 44. Qf3 Qc6 45. Qxf6+ Qxf6 46. Nxf6 Bc1 47. a4 Bxb2 48. a5 Kg7 49. Nd5 Kf7 50. a6 Bd4 51. g4 Ke6 52. Nc7+ Kd7 53. Nb5 1-0

[Event "Varennes U1500"]
[Site "Varennes CAN"]
[Date "2011.11.06"]
[Round "5"]
[White "Isabel, Patrick"]
[Black "Plante, Santiago"]
[Result "0-1"]
[WhiteElo "989"]
[BlackElo "1137"]
[PlyCount "61"]
[GameId "2160767909573761"]
[EventDate "2011.11.04"]
[EventType "swiss"]
[EventRounds "5"]
[EventCountry "CAN"]
[SourceTitle "EXT 2022"]
[Source "ChessBase"]
[SourceDate "2021.10.06"]
[SourceVersion "1"]
[SourceVersionDate "2021.10.06"]
[SourceQuality "1"]

1. d4 Nf6 2. Nc3 g6 3. e4 d6 4. f4 Bg7 5. Nf3 O-O 6. h3 b6 7. Bd3 Ba6 8. Bxa6 Nxa6 9. O-O c5 10. d5 Qd7 11. Re1 e6 12. e5 dxe5 13. dxe6 Qxd1 14. exf7+ Rxf7 15. Rxd1 exf4 16. Bxf4 Nh5 17. Be5 Bxe5 18. Nxe5 Re7 19. Ng4 Nb4 20. Rd2 Nc6 21. Nd5 Rb7 22. Re1 Nd4 23. c3 Nf5 24. Ndf6+ Nxf6 25. Nxf6+ Kf7 26. Ne4 h6 27. g4 Nh4 28. Nd6+ Kg7 29. Kf2 Rf8+ 30. Kg3 Rf3+ 31. Kxh4 0-1

[Event "Varennes U1500"]
[Site "Varennes CAN"]
[Date "2011.11.06"]
[Round "5"]
[White "Montreuil, Carl"]
[Black "Labine, Daniel"]
[Result "0-1"]
[WhiteElo "1306"]
[BlackElo "1293"]
[PlyCount "90"]
[GameId "2160767909573762"]
[EventDate "2011.11.04"]
[EventType "swiss"]
[EventRounds "5"]
[EventCountry "CAN"]
[SourceTitle "EXT 2022"]
[Source "ChessBase"]
[SourceDate "2021.10.06"]
[SourceVersion "1"]
[SourceVersionDate "2021.10.06"]
[SourceQuality "1"]

1. d4 d5 2. c4 c6 3. Nc3 Nf6 4. Nf3 a6 5. Qc2 Bg4 6. Nd2 e6 7. f3 Bh5 8. e3 Bg6 9. Qb3 Qc7 10. c5 Nbd7 11. Qd1 Be7 12. Nb3 O-O 13. Ne2 e5 14. Ng3 exd4 15. exd4 Rfe8 16. Be2 Nh5 17. O-O Nxg3 18. hxg3 Qxg3 19. f4 Be4 20. Bf3 Bh4 21. Be3 Nf6 22. Bf2 Qxf4 23. Bxe4 Rxe4 24. Nd2 Ng4 25. Nf3 Bxf2+ 26. Rxf2 Nxf2 27. Kxf2 Rae8 28. Kg1 Re2 29. Qf1 R8e6 30. Nh2 Qxd4+ 31. Kh1 Qe4 32. Qf3 Re1+ 33. Rxe1 Qxe1+ 34. Nf1 Rf6 35. Qg4 Qxf1+ 36. Kh2 Rh6+ 37. Qh3 Rxh3+ 38. Kxh3 d4 39. b4 d3 40. b5 axb5 41. a4 bxa4 42. Kh4 d2 43. g4 d1=Q 44. g5 Qg1 45. g6 Qdg4# 0-1

[Event "Varennes U1500"]
[Site "Varennes CAN"]
[Date "2011.11.06"]
[Round "5"]
[White "Pincince, Jacques"]
[Black "Coupal, Gerald"]
[Result "1/2-1/2"]
[WhiteElo "1410"]
[BlackElo "1163"]
[PlyCount "60"]
[GameId "2160767909573763"]
[EventDate "2011.11.04"]
[EventType "swiss"]
[EventRounds "5"]
[EventCountry "CAN"]
[SourceTitle "EXT 2022"]
[Source "ChessBase"]
[SourceDate "2021.10.06"]
[SourceVersion "1"]
[SourceVersionDate "2021.10.06"]
[SourceQuality "1"]

1. e4 c5 2. Nf3 e6 3. g3 d6 4. Bg2 Nc6 5. O-O Be7 6. d3 Nf6 7. c3 O-O 8. h3 Nd7 9. Nh2 Qb6 10. Kh1 e5 11. Na3 Qd8 12. Nc4 Bg5 13. Nxd6 Bxc1 14. Rxc1 Nf6 15. Nc4 Be6 16. Ne3 Qd7 17. Nhg4 Nxg4 18. Nxg4 Rad8 19. a3 Qxd3 20. Qxd3 Rxd3 21. Rcd1 Rfd8 22. Ne3 Bb3 23. Rxd3 Rxd3 24. Kg1 Ne7 25. Rb1 b6 26. Bf1 Rd2 27. Nc4 Bxc4 28. Bxc4 Kf8 29. Kf1 f6 30. Ke1 Rd6 1/2-1/2

[Event "Varennes U1500"]
[Site "Varennes CAN"]
[Date "2011.11.06"]
[Round "5"]
[White "Poulin, Marc"]
[Black "Jomphe, Denis"]
[Result "0-1"]
[WhiteElo "1068"]
[BlackElo "1257"]
[PlyCount "124"]
[GameId "2160767909573764"]
[EventDate "2011.11.04"]
[EventType "swiss"]
[EventRounds "5"]
[EventCountry "CAN"]
[SourceTitle "EXT 2022"]
[Source "ChessBase"]
[SourceDate "2021.10.06"]
[SourceVersion "1"]
[SourceVersionDate "2021.10.06"]
[SourceQuality "1"]

1. d4 Nf6 2. Bg5 e6 3. e4 Be7 4. Nd2 d5 5. e5 Nfd7 6. Bxe7 Qxe7 7. a3 c5 8. Qg4 f6 9. Ngf3 Nc6 10. Bb5 cxd4 11. Bxc6 bxc6 12. Qxd4 c5 13. Qf4 O-O 14. exf6 Nxf6 15. Ne5 Bb7 16. f3 Qd6 17. Qe3 Ba6 18. f4 Rab8 19. b3 Nd7 20. Nxd7 Qxd7 21. Qxc5 Rxf4 22. O-O-O Rc8 23. Qa5 Qc6 24. c4 dxc4 25. b4 Rf5 26. b5 Rxb5 27. Qc3 Rd5 28. Nb1 Bb5 29. Kb2 Ba4 30. Rd2 Rb8+ 31. Ka1 Rb3 32. Qc1 Rdb5 33. Rd8+ Kf7 34. Rf1+ Rf5 35. Rxf5+ exf5 36. Qd2 Qf6+ 37. Qd4 Rb7 38. Qxf6+ Kxf6 39. Rd4 Rc7 40. Nc3 Bd7 41. Nd5+ Ke5 42. Rd1 Rc5 43. Nc3 Be6 44. Kb2 g5 45. Re1+ Kf6 46. g4 Re5 47. Rf1 f4 48. Rf2 Bxg4 49. Rd2 Be6 50. a4 f3 51. Nb5 Re2 52. Kc2 Rxd2+ 53. Kxd2 Bd7 54. Nc3 Ke5 55. Ke3 g4 56. a5 h5 57. Kf2 Kd4 58. Nd1 c3 59. Ne3 Kd3 60. h3 c2 61. Nxc2 Kxc2 62. h4 Kb3 0-1

[Event "Varennes U1500"]
[Site "Varennes CAN"]
[Date "2011.11.06"]
[Round "5"]
[White "Tremblay, Alain2"]
[Black "Bergeron, Jean-Guy"]
[Result "0-1"]
[WhiteElo "1290"]
[BlackElo "1415"]
[PlyCount "102"]
[GameId "2160767909573765"]
[EventDate "2011.11.04"]
[EventType "swiss"]
[EventRounds "5"]
[EventCountry "CAN"]
[SourceTitle "EXT 2022"]
[Source "ChessBase"]
[SourceDate "2021.10.06"]
[SourceVersion "1"]
[SourceVersionDate "2021.10.06"]
[SourceQuality "1"]

1. e4 Nc6 2. Nf3 d5 3. exd5 Qxd5 4. Nc3 Qh5 5. d4 Bg4 6. Be2 O-O-O 7. Be3 e5 8. Ne4 exd4 9. Bd2 Bxf3 10. Bxf3 Qe5 11. O-O f5 12. Ng5 Bd6 13. g3 Nh6 14. Bxc6 bxc6 15. Qf3 Kb7 16. b4 a6 17. a4 Qd5 18. Qd3 Ra8 19. Nf3 c5 20. bxc5 Bxc5 21. c4 Qe4 22. Rab1+ Ka7 23. Qxe4 fxe4 24. Ne5 Rae8 25. Nc6+ Ka8 26. Rb3 e3 27. fxe3 dxe3 28. Bxe3 Bxe3+ 29. Kg2 Bc5 30. Rfb1 Rhf8 31. R1b2 Ng4 32. Kh3 Nf2+ 33. Kg2 Ne4 34. Kh3 g5 35. Kg4 h6 36. a5 Nf6+ 37. Kh3 g4+ 38. Kh4 h5 39. Kg5 Be3+ 40. Kg6 Bc5 41. Kg5 Ne4+ 42. Kxh5 Nf2 43. Kg5 Be3+ 44. Rxe3 Rxe3 45. Kh5 Re6 46. Nd4 Re5+ 47. Kg6 Ne4 48. Kg7 Rf6 49. Re2 Rg5+ 50. Kh7 Nd6 51. Nc6 Nf7 0-1

[Event "Varennes U1800"]
[Site "Varennes CAN"]
[Date "2011.11.04"]
[Round "1"]
[White "Azimov, Richard"]
[Black "Michaud, Jean-Francois"]
[Result "1-0"]
[WhiteElo "1771"]
[BlackElo "1573"]
[PlyCount "83"]
[GameId "2160767909573766"]
[EventDate "2011.11.04"]
[EventType "swiss"]
[EventRounds "5"]
[EventCountry "CAN"]
[SourceTitle "hb 2011"]

1. e4 e5 2. f4 d5 3. exd5 e4 4. Nc3 Nf6 5. d3 Bf5 6. dxe4 Bxe4 7. Nxe4 Nxe4 8. Qf3 Nd6 9. Bd3 Qf6 10. Ne2 Nd7 11. O-O O-O-O 12. c3 Nc5 13. Bc2 Nc4 14. Rd1 Bd6 15. b3 Nb6 16. Rb1 Rhe8 17. c4 Re7 18. Bb2 Qh6 19. g3 Rde8 20. Nd4 g6 21. Rbc1 Ncd7 22. a3 Bc5 23. Bd3 Qg7 24. Qf2 Re3 25. Bf1 Rxb3 26. Kh1 Qf8 27. Qc2 Rbe3 28. a4 Ba3 29. a5 Bxb2 30. Qxb2 Na4 31. Qd2 Nac5 32. Ne6 R8xe6 33. dxe6 Rxe6 34. Bh3 f5 35. Bg2 Nf6 36. Qb4 Nfe4 37. Rd5 Nd7 38. c5 Ndf6 39. Re5 Rxe5 40. fxe5 Nd7 41. e6 Ndxc5 42. Bxe4 1-0

[Event "Varennes U1800"]
[Site "Varennes CAN"]
[Date "2011.11.04"]
[Round "1"]
[White "Bedard, Michel"]
[Black "Blais, Georges"]
[Result "1/2-1/2"]
[WhiteElo "1728"]
[BlackElo "1565"]
[PlyCount "110"]
[GameId "2160767909573767"]
[EventDate "2011.11.04"]
[EventType "swiss"]
[EventRounds "5"]
[EventCountry "CAN"]
[SourceTitle "hb 2011"]

1. d4 d5 2. c4 c6 3. Nf3 Bf5 4. Nc3 e6 5. e3 Nf6 6. a3 Nbd7 7. Be2 h6 8. Bd2 Be7 9. O-O O-O 10. b4 Ne4 11. Rc1 Nxd2 12. Qxd2 Nf6 13. Qb2 a6 14. Ne5 Ne4 15. f3 Nxc3 16. Rxc3 f6 17. Nd3 Bd6 18. Rfc1 Qb8 19. h3 Qe8 20. Nf2 Bg3 21. Nh1 Qg6 22. Nxg3 Qxg3 23. Kf1 Qh2 24. cxd5 exd5 25. Qa1 Rfe8 26. Bd3 Bxd3+ 27. Rxd3 Re7 28. Kf2 Qc7 29. a4 Rd8 30. Qc3 Ra8 31. Qc5 Qd7 32. Qc3 Qe8 33. Qb3 Qf7 34. Rc5 Rd7 35. Rd2 f5 36. b5 axb5 37. axb5 Qe6 38. Ra2 Rxa2+ 39. Qxa2 Re7 40. Qd2 Rd7 41. Qc3 Rc7 42. Qa5 Qc8 43. Qa2 Qe6 44. Qa8+ Qc8 45. Qxc8+ Rxc8 46. Ke2 Kf7 47. Kd2 Ke7 48. Kc3 Kd7 49. Kb4 Ra8 50. bxc6+ bxc6 51. Ra5 Rxa5 52. Kxa5 Kc7 53. Ka6 g5 54. Ka5 h5 55. Kb4 Kd6 1/2-1/2

[Event "Varennes U1800"]
[Site "Varennes CAN"]
[Date "2011.11.04"]
[Round "1"]
[White "Cusson, Michel"]
[Black "Plante, Marc-Eric"]
[Result "0-1"]
[WhiteElo "1521"]
[BlackElo "1655"]
[PlyCount "92"]
[GameId "2160767909573768"]
[EventDate "2011.11.04"]
[EventType "swiss"]
[EventRounds "5"]
[EventCountry "CAN"]
[SourceTitle "hb 2011"]

1. e4 e5 2. Nf3 Nf6 3. Nxe5 d6 4. Nf3 Nxe4 5. Bc4 d5 6. Bb3 Be7 7. d3 Nc5 8. O-O O-O 9. h3 a5 10. Nc3 c6 11. a4 Nxb3 12. cxb3 Bf5 13. Ne2 Na6 14. Ned4 Bg6 15. Ne5 Qd6 16. Bf4 Qf6 17. Nxg6 fxg6 18. Be3 Bc5 19. Qg4 h5 20. Qe6+ Kh7 21. Qxf6 Rxf6 22. Nf3 Bxe3 23. fxe3 Nb4 24. d4 Nc2 25. Ng5+ Kh6 26. Rxf6 gxf6 27. Rc1 Nxe3 28. Nf7+ Kg7 29. Nd6 Nf5 30. Nxf5+ gxf5 31. Re1 Kf7 32. Kf2 Re8 33. Rxe8 Kxe8 34. Kf3 Kf7 35. h4 Ke6 36. Kf4 b6 37. Ke3 c5 38. b4 cxd4+ 39. Kxd4 axb4 40. b3 Kd6 41. Kd3 f4 42. Ke2 Ke5 43. Kd3 f5 44. Ke2 Ke4 45. Kd2 Kd4 46. Kc2 Ke3 0-1

[Event "Varennes U1800"]
[Site "Varennes CAN"]
[Date "2011.11.04"]
[Round "1"]
[White "Laferriere, Samuel"]
[Black "Carrier, Michel"]
[Result "1-0"]
[WhiteElo "1492"]
[BlackElo "1607"]
[PlyCount "101"]
[GameId "2160767909573769"]
[EventDate "2011.11.04"]
[EventType "swiss"]
[EventRounds "5"]
[EventCountry "CAN"]
[SourceTitle "hb 2011"]

1. e4 Nf6 2. e5 Nd5 3. d4 d6 4. Nf3 dxe5 5. Nxe5 g6 6. Bc4 c6 7. O-O Bg7 8. Re1 O-O 9. Nd2 Be6 10. Bb3 Qc7 11. Ndf3 Rd8 12. Ng5 Nd7 13. Nxe6 fxe6 14. Nf3 e5 15. Nxe5 Nxe5 16. Bf4 Kh8 17. Bxe5 Bxe5 18. Rxe5 Nf6 19. Qe2 Rxd4 20. Rxe7 Qd6 21. Re1 Rd2 22. Qe6 Qd4 23. Qe3 Qxe3 24. R7xe3 Rad8 25. Re7 R8d7 26. h3 b6 27. R1e6 Rxe7 28. Rxe7 Rd7 29. Re6 Kg7 30. Rxc6 Ne4 31. Re6 Nc5 32. Re3 Nxb3 33. Rxb3 Rd1+ 34. Kh2 Rd2 35. Rc3 Rxf2 36. Rc7+ Kh6 37. Rxa7 Rxc2 38. b4 Kg5 39. Rxh7 Rxa2 40. Rb7 Rb2 41. Rxb6 Rb3 42. b5 Kf5 43. Rb8 Ke6 44. b6 Kd7 45. h4 Ke7 46. b7 Kd7 47. Rg8 Rxb7 48. Rg7+ Kc8 49. Rxb7 Kxb7 50. Kg3 Kc6 51. Kg4 1-0

[Event "Varennes U1800"]
[Site "Varennes CAN"]
[Date "2011.11.04"]
[Round "1"]
[White "Lessard, Sylvain"]
[Black "Morinvil, Geffrard"]
[Result "0-1"]
[WhiteElo "1567"]
[BlackElo "1733"]
[PlyCount "53"]
[GameId "2160767909573770"]
[EventDate "2011.11.04"]
[EventType "swiss"]
[EventRounds "5"]
[EventCountry "CAN"]
[SourceTitle "hb 2011"]

1. e4 c5 2. Nf3 d6 3. d4 cxd4 4. Nxd4 Nf6 5. Nc3 a6 6. Bg5 e6 7. f4 Be7 8. Qf3 Qc7 9. O-O-O Nc6 10. Be2 Bd7 11. Rhe1 Rc8 12. Kb1 b5 13. Bxb5 axb5 14. Ndxb5 Qb8 15. e5 dxe5 16. Bxf6 gxf6 17. Qd3 Nd4 18. Nxd4 exd4 19. Qxd4 Bc6 20. g3 O-O 21. Ne4 Bxe4 22. Qxe4 f5 23. Qe5 Qb7 24. Re3 Rc5 25. Rb3 Qg2 26. Qe1 Qxc2+ 27. Ka1 0-1

[Event "Varennes U1800"]
[Site "Varennes CAN"]
[Date "2011.11.05"]
[Round "2"]
[White "Carrier, Michel"]
[Black "Lessard, Sylvain"]
[Result "0-1"]
[WhiteElo "1607"]
[BlackElo "1567"]
[PlyCount "58"]
[GameId "2160767909573772"]
[EventDate "2011.11.04"]
[EventType "swiss"]
[EventRounds "5"]
[EventCountry "CAN"]
[SourceTitle "hb 2011"]

1. c4 Nf6 2. g3 c6 3. Bg2 d5 4. cxd5 cxd5 5. Nf3 Nc6 6. O-O e6 7. d3 Be7 8. Nc3 O-O 9. a3 h6 10. b4 a6 11. Qb3 e5 12. b5 axb5 13. Nxb5 Be6 14. d4 e4 15. Ne1 Na5 16. Qa2 Qd7 17. a4 Nc4 18. Nc2 Rfc8 19. Qb3 Ra5 20. Nca3 Rca8 21. Rb1 Rxa4 22. Nxc4 dxc4 23. Qe3 Bd5 24. Nc3 Rb4 25. Rxb4 Bxb4 26. Nxe4 Nxe4 27. Bxe4 Bxe4 28. Qxe4 Re8 29. Qb1 Bf8 0-1

[Event "Varennes U1800"]
[Site "Varennes CAN"]
[Date "2011.11.05"]
[Round "2"]
[White "Lemieux, Serge"]
[Black "Duplessis, Jean-Roch"]
[Result "0-1"]
[WhiteElo "1500"]
[BlackElo "1691"]
[PlyCount "92"]
[GameId "2160767909573773"]
[EventDate "2011.11.04"]
[EventType "swiss"]
[EventRounds "5"]
[EventCountry "CAN"]
[SourceTitle "hb 2011"]

1. d4 Nf6 2. c4 e6 3. Nf3 b6 4. Bg5 Be7 5. Nc3 d5 6. Qc2 Bb7 7. e3 O-O 8. Be2 Nbd7 9. O-O c5 10. b3 h6 11. Bh4 Rc8 12. Rfd1 Ne4 13. Bxe7 Qxe7 14. Nd2 f5 15. Ndxe4 fxe4 16. Qd2 Nf6 17. Rac1 Rfd8 18. cxd5 exd5 19. Na4 Rc7 20. g3 Bc8 21. Bf1 Bg4 22. Re1 Kh8 23. Bg2 Rdc8 24. h3 Be6 25. Nc3 a6 26. Ne2 c4 27. Nf4 Bf7 28. Qb2 Qb4 29. Red1 a5 30. Rb1 Kh7 31. Ne2 Bh5 32. g4 Be8 33. Nc3 cxb3 34. Nxd5 Nxd5 35. Bxe4+ Bg6 36. Bxd5 bxa2 37. Bxa2 Bxb1 38. Bxb1+ Kh8 39. Qxb4 axb4 40. Bf5 Rc1 41. Rf1 Rxf1+ 42. Kxf1 Rc1+ 43. Ke2 b3 44. d5 Kg8 45. Bg6 Kf8 46. d6 b2 0-1

[Event "Varennes U1800"]
[Site "Varennes CAN"]
[Date "2011.11.05"]
[Round "2"]
[White "Michaud, Jean-Francois"]
[Black "Cusson, Michel"]
[Result "1/2-1/2"]
[WhiteElo "1573"]
[BlackElo "1521"]
[PlyCount "69"]
[GameId "2160767909573774"]
[EventDate "2011.11.04"]
[EventType "swiss"]
[EventRounds "5"]
[EventCountry "CAN"]
[SourceTitle "hb 2011"]

1. c4 Nf6 2. g3 c6 3. Bg2 g6 4. e4 e5 5. Ne2 d6 6. O-O Bg4 7. h3 Be6 8. d3 Qd7 9. Kh2 h5 10. f4 Be7 11. Be3 O-O 12. Nd2 Bg4 13. Nf3 Bxf3 14. Bxf3 Na6 15. f5 Kg7 16. Kg2 gxf5 17. exf5 Qxf5 18. Bg4 Nxg4 19. hxg4 Qxg4 20. Qd2 Rh8 21. Rf3 f5 22. Raf1 f4 23. Nxf4 exf4 24. Bd4+ Kg6 25. Rxf4 Qe6 26. Re1 Qd7 27. Bxh8 Rxh8 28. d4 Bg5 29. Qd3+ Kh6 30. Rfe4 Nc7 31. Qe2 Rh7 32. Rh1 Qf7 33. Rf1 Qd7 34. Rh1 Qf7 35. Rf1 1/2-1/2

[Event "Varennes U1800"]
[Site "Varennes CAN"]
[Date "2011.11.05"]
[Round "2"]
[White "Morinvil, Geffrard"]
[Black "Laferriere, Samuel"]
[Result "1-0"]
[WhiteElo "1733"]
[BlackElo "1492"]
[PlyCount "131"]
[GameId "2160767909573775"]
[EventDate "2011.11.04"]
[EventType "swiss"]
[EventRounds "5"]
[EventCountry "CAN"]
[SourceTitle "hb 2011"]

1. d4 Nf6 2. c4 c5 3. d5 b5 4. e3 g6 5. cxb5 a6 6. Nc3 Bg7 7. g3 d6 8. Bg2 axb5 9. Nxb5 Ba6 10. Nc3 O-O 11. Nge2 Nbd7 12. O-O Ne5 13. Qc2 Bd3 14. Qd2 c4 15. Rd1 Qc7 16. Nf4 Rfb8 17. Nxd3 Nxd3 18. Bf1 Ne5 19. Kg2 Nfd7 20. f4 Ng4 21. Qe2 Bxc3 22. bxc3 Ngf6 23. Qxc4 Qxc4 24. Bxc4 Ra4 25. Be2 Ra5 26. c4 Ne4 27. Bd2 Ra3 28. Kf3 Ndc5 29. Be1 Rb2 30. g4 Kg7 31. g5 Raxa2 32. Rxa2 Rxa2 33. Bb4 Rb2 34. Bxc5 Nxc5 35. h4 Rc2 36. Rb1 f5 37. gxf6+ Kxf6 38. Rb4 Ra2 39. Rb8 Ne4 40. Kxe4 Rxe2 41. Rf8+ Kg7 42. Rc8 Rh2 43. c5 dxc5 44. Rxc5 Rxh4 45. Ke5 Rh1 46. Rc7 Kf8 47. Ke6 Re1 48. Rc8+ Kg7 49. Kxe7 Rxe3+ 50. Kd7 h5 51. Re8 Rd3 52. d6 Kf7 53. Re4 h4 54. Kc7 Rc3+ 55. Kb6 Rb3+ 56. Kc7 Rc3+ 57. Kd8 Rd3 58. d7 h3 59. Re7+ Kf8 60. Rh7 Kg8 61. Rh4 Kf8 62. Kc7 Rc3+ 63. Kd6 Rd3+ 64. Ke6 Re3+ 65. Kf6 Rd3 66. Rh8# 1-0

[Event "Varennes U1800"]
[Site "Varennes CAN"]
[Date "2011.11.05"]
[Round "3"]
[White "Carrier, Michel"]
[Black "Crepeault, Adam"]
[Result "1-0"]
[WhiteElo "1607"]
[BlackElo "1478"]
[PlyCount "149"]
[GameId "2160767909573776"]
[EventDate "2011.11.04"]
[EventType "swiss"]
[EventRounds "5"]
[EventCountry "CAN"]
[SourceTitle "EXT 2022"]
[Source "ChessBase"]
[SourceDate "2021.10.06"]
[SourceVersion "1"]
[SourceVersionDate "2021.10.06"]
[SourceQuality "1"]

1. c4 c5 2. g3 Nf6 3. Bg2 g6 4. Nc3 Bg7 5. e4 d6 6. Nge2 O-O 7. O-O Nc6 8. d3 Bd7 9. f4 Qc8 10. Nd5 Bh3 11. Rb1 Bxg2 12. Kxg2 e6 13. Ne3 Rd8 14. Bd2 Nd4 15. Nxd4 cxd4 16. Nc2 e5 17. Qf3 Qg4 18. Qxg4 Nxg4 19. h3 Nf6 20. f5 Rd7 21. Bg5 Ne8 22. fxg6 fxg6 23. Rf2 h6 24. Bd2 Rf7 25. Rxf7 Kxf7 26. Rf1+ Ke7 27. a4 Rc8 28. b3 Nc7 29. Ne1 b6 30. Nf3 g5 31. g4 Ne6 32. h4 Bf6 33. h5 Nc5 34. Ne1 Nxb3 35. Bb4 a5 36. Ba3 Bg7 37. Nf3 Rf8 38. Rb1 Rxf3 39. Rxb3 Re3 40. Kf2 Ke6 41. Rxb6 Bf8 42. Rb3 Be7 43. Bc1 Rh3 44. Kg2 Rh4 45. Kg3 Rh1 46. Bd2 Ra1 47. Bxa5 Rxa4 48. Bd2 Ra7 49. Kf2 Bd8 50. Ke2 Ra2 51. Kd1 Ra1+ 52. Bc1 Bc7 53. Kc2 Ra8 54. Ra3 Rf8 55. Ra7 Rf2+ 56. Kb3 Bb6 57. Rh7 Rf6 58. Kb4 Bd8 59. Kb5 Be7 60. Kc6 Bf8 61. Ba3 Be7 62. Bb4 Rf3 63. Rxh6+ Kf7 64. Bxd6 Bf6 65. Rh7+ Kg8 66. Ra7 Rxd3 67. Kd5 Rh3 68. Bxe5 d3 69. Rd7 d2 70. Ke6 Bxe5 71. Kxe5 Rh2 72. c5 Kf8 73. c6 Ke8 74. Ke6 Re2 75. e5 1-0